Quick Pick: 1-10 Geography Things Quiz Stats

 Plays Quiz Updated Sep 24, 2017

Challenge
Share
Tweet
Embed
Score 0/10 Timer 01:30
9 Plays Today
% Correct
2
90.7%
1
84.5%
3
76.5%
7
71.4%
5
70%
4
55.8%
10
47.7%
6
47.2%
8
41.2%
9
35%

Today's Daily Dose

Missing Word
Witch Songs

Word Ladder
Alabama

Quick Pick
Fanta Flavors

On This Day
October 15th II

You're not logged in!

Compare scores with friends on all Sporcle quizzes.
Join for Free
OR
Log In

You Might Also Like...

Show Comments

Extras

Top Quizzes Today


Score Distribution

Your Account Isn't Verified!

In order to create a playlist on Sporcle, you need to verify the email address you used during registration. Go to your Sporcle Settings to finish the process.

Report this User

Report this user for behavior that violates our Community Guidelines.

Details: